1966 1422 1371 1657 1523 1261 1673 1899 1007 1679 1806 1176 1957 1938 1444 1236 1423 1921 1215 1649 1752 1622 1935 1212 1605 1983 1854 1093 1086 1054 1664 1940 1949 1882 1438 1902 1440 1615 1044 1315 1719 1060 1457 1382 1184 1073 1728 1936 1875 1841 1346 1502 1265 1160 1946 1960 1775 1236 1173 1775 1056 1205 1863 1461 1958 1049 1043 1090 1669 1619 1727 1278 1597 1733 1134 1126 1357 1975 1473 1957 1738 1734 1557 1090 1074 1840 1286 1303 1633 1653 1544 1958 1111 1120 1368 1014 1082 1888 1572 BCNSPRNW ULIB Ver.6.0+V

เปลี่ยนเป็นภาษาไทย

Change to English
 แสดงรายละเอียดบรรณานุกรม
  กลับหน้าหลัก

Brief Record : Get Marc (ISO 2709) : E-mail record : QR code < ปิดหน้าต่าง
LEADER : 00000nas 2200000uu 4500
001    13399122401
003     ULIB
008    020711s|||| th a 000 0 tha d
022    08591083
110    สำนักงานป้องกันควบคุมโรคที่ 5
245    วารสารวิชาการ สำนักงานป้องกันควบคุมโรคที่ 5 จังหวัดนครราชสีมา (วิทยาเขตนครสวรรค์)/^cสำนักงานป้องกันควบคุมโรคที่ 5
260    นครราชสีมา :^bสำนักงานป้องกันควบคุมโรคที่ 5
310    ^aรายสี่เดือน
850    ^aปีที่ 19 ฉบับที่ 1;ปีที่ 19 ฉบับที่ 2;ปีที่ 18 ฉบับที่ 2;ปีที่ 18 ฉบับที่ 3
945    ^p0^l0^i800446
945    ^p0^l0^i800638
945    ^p0^l0^i902013
945    ^p0^l0^i902014
999    ^aทศพร เกษรทอง
รายการนี้ยังไม่มีแท็ก
คุณยังไม่ได้ล็อกอิน คุณสามารถมีกิจกรรมร่วมกับเว็บไซต์ได้ แต่ต้องล็อกอินก่อน ::
  ล็อกอิน

รายการสื่อสารสนเทศ (วารสาร)

ดูแบบ: กล่อง รายการ
ARRIVED
ปีที่ 18 ฉบับที่ 2
สถานที่: ห้องสมุดวิทยาเขตสวรรค์ประชารักษ์ >วารสาร
ARRIVED
ปีที่ 18 ฉบับที่ 3
สถานที่: ห้องสมุดวิทยาเขตสวรรค์ประชารักษ์ >วารสาร
ARRIVED
ปีที่ 19 ฉบับที่ 1
สถานที่: ห้องสมุดวิทยาเขตสวรรค์ประชารักษ์ >วารสาร
ARRIVED
ปีที่ 19 ฉบับที่ 2
สถานที่: ห้องสมุดวิทยาเขตนครสวรรค์ >วารสาร

BibComment


ยังไม่เคยถูกคอมเมนท์

คอมเมนท์ทรัพยากรรายการนี้
  คอมเมนท์: วารสารวิชาการ สำน..


 Copyright 2026. Bcnsprnw @Library